000 02088nam a22002057a 4500
003 OSt
005 20260224070204.0
008 260223b |||||||| |||| 00| 0 eng d
020 _a9789715184779
040 _aDWCL GS library
_cOC
082 _aFic D548o 2011
100 _aDickens ,Charles
245 _aillustrated classics collection
_b: oliver twist
_cCharles Dickens
260 _aManila philippines
_bLampara Publishing House
_cc2011
300 _a127
_billustration, images
_c19cm
520 _aOliver twist is born in a workhouse where he is partly baptized with the name. His mother, whose identity no one knows, dies shortly after giving birth to him. Oliver is sent to a branch work-house, a wretched home, where no kind word is ever heard. On his ninth birthday, he is transferred back to the house. Back to workhouse, Oliver and his companions suffer starvations for three months. A council is held among the boys and the task of who should walk up to the master after supper and ask for more falls to Oliver. The next-morning , an announcement is posted a reward of five pounds will be given to anybody who will take Oliver twist. Oliver is eventually given to Mr. Sowerberry, a parochial under taker. When another apprentice, Noah Claypole, insults the memory of his dead mother, Oliver attacks him. Mr. Sowerberry punishes oliver severely. He runs away and travels to london. Starved and exhausted, Oliver meets the artful Dodger, who offers him shelter in the house of Fagin. It turns out that Fagin trains children to pick pockets for him. In one of the Dodger's missions, oliver is wrongfully accused of stealing Mr. Brownlow's handker-chief. However, the old gentleman takes pity on Oliver and takes him to his home. Oliver has never felt so loved before. But Fagin wants him back... Oliver's attempts to stay good in a society that seems to refuse help prove that the wicked will meet his just ending and the kind rewarded.
546 _aEnglish
700 _aCharles Dickens
942 _2ddc
_cFIC.
_hFic. D548o 2011
_n0
999 _c8489
_d8489